Nguyễn Hữu An vị tướng trận mạc
Guardat en:
| Format: | Llibre |
|---|---|
| Idioma: | Undetermined |
| Publicat: |
Hà Nội
Trung tâm UNESCO bảo tồn và phát triển văn hóa dân tộc
2001
|
| Matèries: | |
| Etiquetes: |
Afegir etiqueta
Sense etiquetes, Sigues el primer a etiquetar aquest registre!
|
| Thư viện lưu trữ: | Trung tâm Học liệu Trường Đại học Cần Thơ |
|---|
| LEADER | 00647nam a2200205Ia 4500 | ||
|---|---|---|---|
| 001 | CTU_48126 | ||
| 008 | 210402s9999 xx 000 0 und d | ||
| 020 | |c 15000 | ||
| 082 | |a 355.0092 | ||
| 082 | |b Ng527 | ||
| 245 | 0 | |a Nguyễn Hữu An | |
| 245 | 0 | |b vị tướng trận mạc | |
| 245 | 0 | |c Hội Khoa học lịch sử Việt Nam | |
| 260 | |a Hà Nội | ||
| 260 | |b Trung tâm UNESCO bảo tồn và phát triển văn hóa dân tộc | ||
| 260 | |c 2001 | ||
| 650 | |a Generals | ||
| 650 | |z Vietnam (Democratic Republic) | ||
| 904 | |i Huỳnh Mai | ||
| 980 | |a Trung tâm Học liệu Trường Đại học Cần Thơ | ||